Statystyki dla Geografia fizyczna Europy

Kliknij tutaj aby rozwiązać quiz!

Ogólne statystyki

  • Ten quiz został rozwiązany 5 209 razy
  • Średni wynik to 14 z 23

Statystyki odpowiedzi

WskazówkaOdpowiedź% Poprawnych
Pasmo górskie, które dotyka ośmiu państwAlpy
82%
Największe wyspyWielka Brytania
82%
Najdłuższe rzekiDunaj
80%
Pasma górskie na granicy Europy i AzjiUral
80%
Największe wyspyIrlandia
79%
Największe wyspyIslandia
79%
Półwysep, na którym leżała JugosławiaBałkański
78%
Półwysep Hiszpanii i PortugaliiIberyjski
78%
Region Szwecji, Norwegii i DaniiSkandynawia
76%
Zatoka Botnicka i Fińska są częścią tego morzaBałtyk
75%
Najdłuższe rzekiWołga
75%
Morze na wschód od WłochAdriatyckie
65%
Pasmo górskie pomiędzy Hiszpanią i FrancjąPireneje
65%
Morze na wschód od GrecjiEgejskie
63%
Największe wyspySycylia
62%
Największe wyspySardynia
55%
Pasma górskie na granicy Europy i AzjiKaukaz
54%
Najwyższa góraElbrus
50%
Rodzaj terenów podmokłych, na których gromadzi się torfBagno
44%
Większość Danii leży na tym półwyspieJutlandzki
42%
Zatoka między Francją i HiszpaniąBiskajska
33%
Półwysep południowo-zachodniej AngliiKornwalijski
24%
Główny archipelag arktyczny NorwegiiSvalbard
24%

Rozkład punktacji

Percentyl według liczby udzielonych odpowiedzi

Procent ludzi z każdym wynikiem

Twoja historia wyników

Nie rozwiązałeś tego quizu